| 000 | 00676nam a2200217 i 4500 | ||
|---|---|---|---|
| 001 | 115189 | ||
| 003 | ES-MaACL | ||
| 005 | 20250920063057.0 | ||
| 007 | t| | ||
| 008 | 070226s1907 sp a |||| | spa d | ||
| 080 | _a821.134.2(72)-32"18" | ||
| 100 | 1 |
_aNervo, Amado, _d1870-1919 _985404 |
|
| 245 | 1 | 3 |
_aUn sueño _b: novela / _cpor Amado Nervo ; ilustraciones de Fernández Mota. |
| 260 |
_aMadrid : _bEl Cuento Semanal, _c1907. |
||
| 300 |
_a20 p. : _bil. ; _c26 cm. |
||
| 490 | 1 |
_aEl Cuento Semanal ; _v17 |
|
| 700 | 1 |
_aMota, F. ( _dfl. 1901) _949947 |
|
| 830 | 0 | 3 |
_aEl cuento semanal _v17 _9185957 |
| 852 |
_aES-MaACL _jG-4439(17) |
||
| 999 |
_c115189 _d115189 |
||